Statistics for U.K. Quiz

Click here to take the quiz!

General Stats

  • This quiz has been taken 176 times
  • The average score is 18 of 25

Answer Stats

QA% Correct
Made up of which countries?England
98%
Capital of the U.K.?London
98%
Scotland
98%
Wales
98%
Official Language?English
97%
Currency?Pound sterling
97%
Blue
96%
Colours on the flag?Red
95%
White
95%
Northern Ireland?
93%
Drives on the.....?Left
89%
Anthem?God Save The Queen
86%
Name of the flag?Union Jack
84%
Current Prime Minister?Theresa May
81%
2nd largest city?Birmingham
72%
Largest stadium?Wembley Stadium
67%
Highest mountain?Ben Nevis
64%
Monarch?Elizabeth II
53%
Calling code?+44
50%
3rd largest city?Leeds
44%
Surrounded by which ocean?Atlantic Ocean
43%
Bordering country?Republic of Ireland
39%
Denonym?British
30%
Longest river?River Severn
22%
Largest lakeLake Neagh
1%

Score Distribution

Percentile by Number Answered

Percent of People with Each Score

Your Score History

You have not taken this quiz